000 00736nam a2200217Ia 4500
003 OSt
005 20251023152057.0
008 220922b |||||||| |||| 00| 0 hin d
037 _cTB
040 _aARTS
_cARTS
_bhin
041 _2hin
_ahin
084 _aO152vN3 K7
_qAL
100 _aसत्येन्द्र
_9818124
245 0 _aब्रज साहित्य का इतिहास/
246 _aBraj sāhitya kā itihāsa
260 _aइलाहाबाद:
_b,भारती भंडार
_c1967.
300 _a777पृ.
_ccm.
650 _aहिन्दी साहित्य
_9156264
942 _hO152vN3 K7
_cTB
_2CC
_n0
999 _c372834
_d372834